Top Scorer in Each Premier League Season - Liverpool - Statistics

General Stats
  • This quiz has been taken 194 times
  • The average score is 29 of 33
Answer Stats
Hint Answer Goals Nationality % Correct
2024/25 Mohamed Salah 29 Egypt
100%
2023/24 Mohamed Salah 18 Egypt
100%
2022/23 Mohamed Salah 19 Egypt
100%
2021/22 Mohamed Salah 23 Egypt
100%
2020/21 Mohamed Salah 22 Egypt
100%
2019/20 Mohamed Salah 19 Egypt
100%
2017/18 Mohamed Salah 32 Egypt
100%
2018/19 Sadio Mané / Mohamed Salah 22 Senegal / Egypt
100%
2013/14 Luis Suárez 31 Uruguay
99%
2012/13 Luis Suárez 23 Uruguay
99%
2011/12 Luis Suárez 11 Uruguay
99%
2016/17 Philippe Coutinho / Sadio Mané 13 Brazil / Senegal
99%
2009/10 Fernando Torres 18 Spain
93%
2007/08 Fernando Torres 24 Spain
93%
2014/15 Steven Gerrard 9 England
93%
2008/09 Steven Gerrard 16 England
93%
2005/06 Steven Gerrard 10 England
93%
2015/16 Roberto Firmino 10 Brazil
90%
2003/04 Michael Owen 16 England
85%
2002/03 Michael Owen 19 England
85%
2001/02 Michael Owen 19 England
85%
2000/01 Michael Owen 16 England
85%
1999/00 Michael Owen 11 England
85%
1998/99 Michael Owen 18 England
85%
1997/98 Michael Owen 18 England
85%
2010/11 Dirk Kuyt 13 Netherlands
78%
2006/07 Dirk Kuyt 12 Netherlands
78%
1993/94 Ian Rush 14 Wales
78%
1992/93 Ian Rush 14 Wales
78%
1996/97 Robbie Fowler 18 England
69%
1995/96 Robbie Fowler 28 England
69%
1994/95 Robbie Fowler 25 England
69%
2004/05 Milan Baros 9 Czech Republic
61%
No matching quizzes found
Score Distribution
Percent of People with Each Score
Percentile by Number Answered
Your Score History
You have not taken this quiz